| 000 | 00770nam a2200229 a 4500 | ||
|---|---|---|---|
| 001 | BRCA_3738 | ||
| 005 | 20190320204414.0 | ||
| 008 | 011114s1999 nyua---##b---#000-0#eng-d | ||
| 020 | _a1892535009 | ||
| 041 | _aeng | ||
| 044 | _anyu | ||
| 050 | 4 |
_aTR395 _b.K73 1999 |
|
| 100 | 1 |
_aKraus, Hans P. _cJr. _99728 |
|
| 245 | 1 | 0 |
_aSun Pictures _bCatalogue Nine _cHans P. Kraus ; text by Larry J. Schaaf ; William Henry Fox Talbot, friends and relations. |
| 260 |
_aNew York _bHans P. Kraus, Jr., Inc. _cc1999 |
||
| 300 |
_a60 p. _bil. (algunas a color) _c28 cm. |
||
| 504 | _aIncluye referencias bibliográficas | ||
| 650 | 1 | 4 |
_aCalotipo _vCatálogos _99729 |
| 700 | 1 |
_aSchaaf, Larry J. _d1947- _99730 |
|
| 700 | 1 |
_aTalbot, William Henry Fox _d1800-1877 _99731 |
|
| 942 |
_2lcc _cB |
||
| 999 |
_c3467 _d3467 |
||